LEADER 01420nam a2200301 4500 001 000000342966 003 CaOOAMICUS 005 20201116123230.0 008 201116s1998 it 001 u ita r 020 $a88-311-5210-6 040 $aSeMil$bita 100 1 $aPosada, Gerardo.$0(OLS)http://semarc/name/112451 240 10$aMaestro Bruno, Padre de monjes.$0(OLS)http://semarc/title/431899 245 10$aSan Bruno : $bmaestro e padre di monaci /$cUn certosino ; presentazione di Giuseppe Gioia. 264 1$aRoma :$bCittà Nuova,$ccopyr. 1998. 300 $a335 p. ;$c22 cm 500 $aRevisione dei monaci della Certosa di Serra San Bruno sulla base dell'ultima edizione spagnola (1995) 500 $aIl nome dell'A. si ricava dalla prefazione 504 $aContiene : Bibliografia 600 04$aBruno : di Colonia .$0(OLS)http://semarc/subject/49658 700 1 $aGioia, Giuseppe,$d<1947- >.$0(OLS)http://semarc/name/12819 700 1 $aBaracco, Adelaide,$etraduttore.$0(OLS)http://semarc/name/112407 850 $aSeMil 852 $aSeMil$W1$xVenegono$y1$m3H II 536$j222644$B233884$CSeMilBibl$Z2$F233884 $81 996 $6020$a88-311-5210-6$9(OLS)http://semarc/number/291643 996 $6245$aSan Bruno : $bmaestro e padre di monaci$9(OLS)http://semarc/title/431900 996 $6264$aRoma :$bCittà Nuova$9(OLS)http://semarc/publisher/29609 LEADER 01368nam a2200301 i 4500 001 000000223827 003 CaOOAMICUS 005 20131021000000.0 008 131021s2013 it u000 u ita u 013 $a202725 020 $a978-88-10-51138-1 040 $aSeMil$bita 100 1 $aAramini, Michele,$c.$0(OLS)http://semarc/name/26298 245 13$aLe parole della famiglia :$bpercorso per coppie e gruppi di sposi /$cMichele Aramini, Giovanni Giambattista, Santina Spataro. 260 $aBologna :$bEDB,$c2013. 300 $a161 p. ;$c21 cm. 490 0 $aSpiritualità coniugale 650 4$aFamiglie - Attività pastorale.$0(OLS)http://semarc/subject/2884 650 4$aCoppia - Pastorale.$0(OLS)http://semarc/subject/40821 700 1 $aSpataro, Santina.$0(OLS)http://semarc/name/78024 700 1 $aGiambattista, Giovanni.$0(OLS)http://semarc/name/78023 830 0$aSpiritualità coniugale.$0(OLS)http://semarc/title/10127 850 $aSeMil 852 $aSeMil$W1$xVenegono$y1$m2E III 418$j174173$B174173$CSeMilBibl$Z2$F186269 $81 961 $aOmaggio: Delpini mons. Mario 996 $6020$a978-88-10-51138-1$9(OLS)http://semarc/number/224086 996 $6245$aLe parole della famiglia :$bpercorso per coppie e gruppi di sposi$9(OLS)http://semarc/title/320921 996 $6260$aBologna :$bEDB$9(OLS)http://semarc/publisher/29669